[Event "Coro IRT 489 Anniv"]
[Site "Coro"]
[Date "2016.09.04"]
[Round "6"]
[White "Cordero Gutierrez, Luis Jesus"]
[Black "Vargas Gomez, Jose Antonio"]
[Result "0-1"]
[WhiteElo "1870"]
[BlackElo "1918"]
[PlyCount "105"]
[EventDate "2016.09.02"]
[EventType "swiss"]
[EventRounds "6"]
[EventCountry "VEN"]
[SourceTitle "EXT 2022"]
[Source "ChessBase"]
[SourceDate "2021.10.06"]
[SourceVersion "1"]
[SourceVersionDate "2021.10.06"]
[SourceQuality "1"]

1. d4 Nf6 2. c4 e5 3. dxe5 Ng4 4. Nf3 Nc6 5. e4 Ngxe5 6. Nxe5 Nxe5 7. Be2 Qh4 8. Qd4 Nc6 9. Qe3 b6 10. 0-0 Bc5 11. Qf4 Qxf4 12. Bxf4 d6 13. Nc3 Nd4 14. Bd1 Bd7 15. Nd5 Ne6 16. Be3 Bxe3 17. Nxe3 0-0 18. Bg4 Rad8 19. a4 Nc5 20. Bxd7 Rxd7 21. f3 a5 22. Rfd1 Re8 23. g4 c6 24. h3 g6 25. Ng2 Re6 26. g5 Re5 27. h4 Ne6 28. Rd2 Kf8 29. Ne3 Rc5 30. Rad1 Ke7 31. b3 Rd8 32. Ng4 Nf4 33. Nf6 h6 34. e5 hxg5 35. Rxd6 Rxd6 36. Rxd6 Rxe5 37. Rxc6 gxh4 38. Rxb6 Re1+ 39. Kf2 Re2+ 40. Kf1 Re6 41. Rxe6+ Kxe6 42. Ne4 Nd3 43. Kg2 f5 44. Ng5+ Ke5 45. Nf7+ Kf4 46. Nd6 Ne1+ 47. Kh1 Nxf3 48. c5 Nd4 49. Nc4 Nc6 50. Nb2 Ke4 51. Kg2 Kd4 52. Kh3 g5 53. Nc4 0-1

[Event "Coro IRT 489 Anniv"]
[Site "Coro"]
[Date "2016.09.03"]
[Round "4"]
[White "Gutierrez Zarraga, Frank Guadalu"]
[Black "Vargas Gomez, Jose Antonio"]
[Result "1/2-1/2"]
[WhiteElo "1893"]
[BlackElo "1918"]
[PlyCount "48"]
[EventDate "2016.09.02"]
[EventType "swiss"]
[EventRounds "6"]
[EventCountry "VEN"]
[SourceTitle "EXT 2022"]
[Source "ChessBase"]
[SourceDate "2021.10.06"]
[SourceVersion "1"]
[SourceVersionDate "2021.10.06"]
[SourceQuality "1"]

1. d4 Nf6 2. c4 e5 3. d5 Bc5 4. e3 d6 5. Nc3 Bf5 6. Bd3 e4 7. Bc2 0-0 8. Nge2 Qe7 9. Ng3 Bg6 10. 0-0 h5 11. h3 h4 12. Nge2 Nbd7 13. Nf4 Bf5 14. Na4 g5 15. Nxc5 gxf4 16. Nxd7 Qxd7 17. Qd4 Qe7 18. exf4 Kh7 19. b4 Rg8 20. Kh2 Rg6 21. Bb2 Rag8 22. Rg1 Nh5 23. Qe3 Kh6 24. Rae1 Rg3 1/2-1/2